000 00698nam a2200193Ia 4500
003 GCL
008 140319s9999 xx 000 0 ara d
040 _aGCL /
_cGCL
082 0 4 _a231
_bك ب
100 1 _aاحمد محمد شاكر
245 1 0 _aالباعث الحثيث: شرح اختصار علوم الحديث /
_cاحمد محمد شاكر
700 1 _aابن كثير القرشى : عماد الدين ابوالفداء اسماعيل بن عمر بن كثير بن ضوء البصرى الدمشقى
300 _a252 ص
490 _a
650 0 4 _aعلم رواية الحديث
650 0 4 _aالحديث، علوم
650 0 4 _aالحديث - مصطلح
942 _2ddc
_cBK
999 _c37672
_d37672